Fragen aus der Wissenschaft - Buchstabe Z - Statistiken

Allgemein
  • Dieses Quiz wurde 130 mal gespielt
  • Das Durchschnittsergebnis liegt bei 11 aus 20
Antwortstatistiken
(Hinweis Antwort % Korrekt
Grundgröße der Physik, gemessen in Sekunden Zeit
89%
Chemisches Element - Bestandteil von Bronze Zinn
86%
Kohlenhydrat, z. B. Fructose, Glukose, Saccharose Zucker
86%
Deutscher Erfinder des ersten lenkbaren Luftschiffes Ferdinand Graf von Zeppelin
84%
Lebewesen mit männlichen und weiblichen Geschlechtsmerkmalen Zwitter
83%
Der höchste Punkt am Himmel, senkrecht über dem Beobachter Zenit
82%
Die kleinste Einheit des Lebens Zelle
79%
Geometrischer, dreidimensionaler Körper mit runden Flächen Zylinder
79%
Wissenschaft von Bau, Entwicklung, Verbreitung und Verhalten der Tiere Zoologie
77%
Gerät, das Stoffe durch Drehung trennt; z. B. Urananreicherung Zentrifuge
67%
Ein Hundertstel einer Einheit Zenti
62%
Deutscher Feinmechaniker - Gründer einer Firma für Mikroskope Carl Zeiss
58%
Deutscher Erfinder des ersten funktionstüchtigen Rechners Konrad Zuse
50%
Also spach... - Persischer Religionsstifter und Philosoph Zarathustra
47%
Mathematisches Symbol zur Mengenangabe Zahl
29%
Krankheit, die von Tier auf Mensch übergeht Zoonose
23%
Gruppe von Medikamenten zur Krebsbehandlung Zytostatikum
17%
Altgriechischer Philosoph - Paradoxon von Achilles und der Schildkröte Zenon von Elea
5%
Mikroporöses, kristallines Material mit Hohlräumen - Molekularsieb Zeolith
5%
Laut Einsteins angeblichem Zitat "das 8. Weltwunder" - Wachstumsfunktion Zinseszins
5%
Keine übereinstimmenden Quizze gefunden
Verteilung der Resultate
Anzahl Personen mit jedem Resultat
Perzentil nach korrekt beantworteten Fragen
Ihre Resultats-Entwicklung
Sie haben dieses Quiz noch nicht gespielt